[Event "Staatsliga A 1998/99"]
[Site "Gleisdorf "]
[Date "1998.11.13"]
[Round "1.3"]
[White "Herzog, Adolf"]
[Black "Duer, Werner"]
[Result "1/2-1/2"]
[WhiteElo "2400"]
[BlackElo "2310"]
[PlyCount "166"]
[EventDate "1998.11.13"]

1. d4 d5 2. Nf3 Nf6 3. e3 c5 4. Be2 Nc6 5. O-O Bg4 6. h3 Bh5 7. Nbd2 cxd4 8.
Nxd4 Bxe2 9. Qxe2 e6 10. b3 Nxd4 11. exd4 Rc8 12. Qd3 Qc7 13. c4 dxc4 14. bxc4
Be7 15. Bb2 O-O 16. Rac1 Rfd8 17. Rfe1 Bb4 18. a3 Ba5 19. Qe3 Nh5 20. g3 Nf6
21. Re2 Bxd2 22. Rxd2 Qb6 23. Qf3 Qa6 24. Rdc2 h6 25. Kg2 Rc6 26. Qb3 Rdc8 27.
a4 Qb6 28. Qb5 Qc7 29. a5 Ra6 30. d5 Rxa5 31. Qb4 b6 32. Bxf6 gxf6 33. Qd2 Kg7
34. Rc3 Qd6 35. Rd3 exd5 36. Rd4 f5 37. Rd1 Rcc5 38. cxd5 Rab5 39. Qd3 Qd7 40.
d6 a5 41. Re1 Re5 42. Rxe5 Rxe5 43. Qc3 Kg6 44. Qf3 b5 45. g4 fxg4 46. Qg3 Kf6
47. Qf4+ Rf5 48. Qxh6+ Ke5 49. Qe3+ Kf6 50. hxg4 Rg5 51. Kg3 b4 52. Kh4 Rg6 53.
Rf4+ Kg7 54. Qe5+ Kg8 55. Rd4 Re6 56. Qg5+ Kf8 57. Qc5 b3 58. Qc7 Ke8 59. Qxa5
b2 60. Qa8+ Qd8+ 61. Qxd8+ Kxd8 62. Rb4 Rxd6 63. Rxb2 Ke7 64. f4 Kf6 65. Rb5
Rd1 66. g5+ Kg7 67. Rb7 Rf1 68. Kg4 Rg1+ 69. Kf5 Rg2 70. Rb3 Rg1 71. Rh3 Rg2
72. Rh4 Rg1 73. Rg4 Re1 74. Rg2 Ra1 75. Kg4 f6 76. Rb2 fxg5 77. Rb7+ Kf6 78.
Rb6+ Kf7 79. Kxg5 Ra7 80. f5 Kg7 81. Rg6+ Kf8 82. Rf6+ Kg7 83. Rh6 Ra1 1/2-1/2

[Event "Staatsliga A 1998/99"]
[Site "Gleisdorf "]
[Date "1998.11.13"]
[Round "1.4"]
[White "Laube, Bernhard"]
[Black "Staudner, Oliver"]
[Result "1/2-1/2"]
[WhiteElo "2285"]
[BlackElo "2350"]
[PlyCount "46"]
[EventDate "1998.11.13"]

1. Nf3 Nf6 2. g3 c5 3. Bg2 g6 4. O-O Bg7 5. d3 Nc6 6. e4 O-O 7. Nc3 d6 8. h3
Rb8 9. Be3 Qc7 10. Qd2 Re8 11. Bh6 Nd4 12. Bxg7 Kxg7 13. Nxd4 cxd4 14. Ne2 Qc6
15. f4 Bd7 16. b4 Qb6 17. a4 e5 18. g4 h6 19. Rf2 Nh7 20. a5 Qb5 21. Raf1 Rf8
22. Rb1 b6 23. c4 Qc6 1/2-1/2

[Event "Staatsliga A 1998/99"]
[Site "Gleisdorf "]
[Date "1998.11.13"]
[Round "1.5"]
[White "Schneider_Zinner, Harald"]
[Black "Gerhold, Michael"]
[Result "1-0"]
[WhiteElo "2300"]
[BlackElo "2265"]
[PlyCount "61"]
[EventDate "1998.11.13"]

1. d4 Nf6 2. c4 e6 3. g3 d5 4. Bg2 dxc4 5. Nf3 c5 6. O-O Nc6 7. Ne5 Nxe5 8.
dxe5 Qxd1 9. Rxd1 Nd5 10. Na3 Bd7 11. Nxc4 Bb5 12. Ne3 Bxe2 13. Nxd5 exd5 14.
Rxd5 Bc4 15. Rd1 Rb8 16. e6 fxe6 17. Bf4 Rd8 18. Rxd8+ Kxd8 19. Bxb7 Be7 20.
Rd1+ Ke8 21. b3 Bb5 22. a4 Be2 23. Rd2 Bg4 24. Bb8 a5 25. Bc7 Kf7 26. Bxa5 Rb8
27. Rd7 Kf8 28. Bc3 Bf6 29. Bxf6 gxf6 30. a5 e5 31. Rxh7 1-0

[Event "Staatsliga A 1998/99"]
[Site "Gleisdorf "]
[Date "1998.11.13"]
[Round "1.6"]
[White "Netolitzky, Gregor"]
[Black "Plank, Franz"]
[Result "0-1"]
[WhiteElo "2215"]
[BlackElo "2270"]
[PlyCount "102"]
[EventDate "1998.11.13"]

1. d4 d5 2. c4 e6 3. Nc3 c6 4. Bf4 dxc4 5. e3 b5 6. a4 Qb6 7. Nf3 Nf6 8. Be2
Bb7 9. O-O a6 10. e4 Nbd7 11. e5 Nd5 12. Nxd5 cxd5 13. Ng5 Be7 14. Bh5 g6 15.
Bg4 h6 16. Nh3 b4 17. Qd2 Bf8 18. Be3 a5 19. f4 b3 20. Qf2 O-O-O 21. Be2 Nb8
22. g4 Be7 23. Kh1 Nc6 24. f5 Rdf8 25. Ng1 Nb4 26. Nf3 Kb8 27. Ne1 Bc6 28. Bd2
Bd7 29. Bf3 Nc6 30. Be3 Bb4 31. Ng2 Ne7 32. Nh4 g5 33. f6 Nc8 34. Ng2 Na7 35.
Rfd1 Rc8 36. Bd2 Bxd2 37. Qxd2 Nc6 38. Ne3 Nb4 39. Be2 Rc7 40. Kg2 Rhc8 41. Ra3
Na2 42. Ra1 Qb4 43. Qd1 Rb7 44. Nc2 bxc2 45. Qxc2 Qb6 46. R1xa2 Qxd4 47. Qc3
Qc5 48. Bf3 d4 49. Qe1 Bc6 50. Bxc6 Qxc6+ 51. Kg1 Qd5 0-1

[Event "Staatsliga A 1998/99"]
[Site "Gleisdorf "]
[Date "1998.11.13"]
[Round "1.1"]
[White "Blatny, Pavel"]
[Black "Grosar, Aljosa"]
[Result "1/2-1/2"]
[WhiteElo "2520"]
[BlackElo "2450"]
[PlyCount "105"]
[EventDate "1998.11.13"]

1. Nf3 c5 2. g3 Nc6 3. d4 cxd4 4. Nxd4 g6 5. Bg2 Bg7 6. e3 Qb6 7. c3 Nf6 8. O-O
d5 9. Qb3 O-O 10. Qxb6 axb6 11. Nb5 Rd8 12. Rd1 Bg4 13. f3 Bf5 14. N1a3 h5 15.
h3 Rac8 16. g4 hxg4 17. hxg4 Be6 18. Nc2 Na5 19. Bf1 Ne8 20. Nb4 Nc7 21. Na3 f5
22. g5 Bf7 23. f4 Nc6 24. Nac2 Ne8 25. Bg2 e6 26. Bd2 Nd6 27. Be1 Nxb4 28. Nxb4
Nc4 29. Nd3 Nxe3 30. Rd2 Nxg2 31. Kxg2 d4 32. Ne5 Bxe5 33. fxe5 dxc3 34. Rxd8+
Rxd8 35. Bxc3 Be8 36. Kf2 Bc6 37. Re1 f4 38. Rg1 Kg7 39. Rg4 f3 40. Bd4 Rh8 41.
Kg3 b5 42. Rh4 Rc8 43. Rf4 Bd5 44. Bc3 Rh8 45. Bb4 Rc8 46. Bc3 Rc4 47. Rxc4
bxc4 48. Kf2 Kf7 49. Ke3 Ke8 50. Be1 Kd7 51. a3 Kc6 52. Kd4 Kb5 53. Bf2 1/2-1/2

[Event "Staatsliga A 1998/99"]
[Site "Gleisdorf "]
[Date "1998.11.13"]
[Round "1.3"]
[White "Penz, Harald"]
[Black "Herndl, Harald"]
[Result "0-1"]
[WhiteElo "2390"]
[BlackElo "2375"]
[PlyCount "126"]
[EventDate "1998.11.13"]

1. e4 e6 2. d4 d5 3. Nd2 c5 4. exd5 exd5 5. Ngf3 Nf6 6. c3 a6 7. Be2 Nc6 8.
dxc5 Bxc5 9. Nb3 Ba7 10. O-O Ne4 11. Nfd4 O-O 12. Be3 Re8 13. Qc2 Qd6 14. Bf3
Bb8 15. g3 Bh3 16. Rfe1 Qf6 17. Bg2 Bxg2 18. Kxg2 Be5 19. f3 Bxd4 20. Bxd4 Nxd4
21. Nxd4 Nd6 22. Qf2 Nc4 23. Re2 Rxe2 24. Qxe2 Rc8 25. Re1 g6 26. f4 Qb6 27.
Qg4 Qxb2+ 28. Kh3 Nd6 29. f5 Qxc3 30. Rf1 Re8 31. Qf4 Nxf5 32. Nxf5 gxf5 33.
Qg5+ Qg7 34. Qxf5 Qh6+ 35. Kg2 Re2+ 36. Rf2 Rxf2+ 37. Qxf2 Qe6 38. Qd2 Qe4+ 39.
Kf2 f6 40. Qc3 d4 41. Qc8+ Kg7 42. Qd7+ Kg6 43. Qd8 Qc2+ 44. Kf3 Qxa2 45. Qxd4
Qe6 46. g4 f5 47. gxf5+ Qxf5+ 48. Ke2 b5 49. Kd2 Qe6 50. Qd3+ Kh6 51. Qd8 Kh5
52. Kc3 Qe4 53. Qd1+ Kh4 54. Qd8+ Kg4 55. Qc8+ Kf3 56. Qxa6 Qc4+ 57. Kd2 Qd4+
58. Kc1 Qg1+ 59. Kb2 Qxh2+ 60. Kb3 Qe5 61. Qc8 h5 62. Qh3+ Kf2 63. Kb4 Qe1+ 0-1

[Event "Staatsliga A 1998/99"]
[Site "Gleisdorf "]
[Date "1998.11.13"]
[Round "1.5"]
[White "Loeffler, Stefan"]
[Black "Ebner, Hubert"]
[Result "1-0"]
[WhiteElo "2385"]
[BlackElo "2275"]
[PlyCount "117"]
[EventDate "1998.11.13"]

1. Nf3 Nf6 2. c4 g6 3. Nc3 Bg7 4. e4 d6 5. d4 O-O 6. h3 Na6 7. Bg5 e5 8. d5 h6
9. Be3 Nh5 10. Nh2 Qe8 11. Qd2 Kh7 12. Be2 Nf4 13. Bf3 Nc5 14. Bxc5 dxc5 15. g3
Nh5 16. Bxh5 gxh5 17. O-O-O a6 18. Nf3 b5 19. g4 b4 20. Ne2 Qa4 21. b3 Qe8 22.
Ng3 h4 23. Nh5 a5 24. Nxh4 Ra6 25. Rhg1 Bh8 26. Kb1 a4 27. Rg3 axb3 28. axb3
Qd8 29. Nf5 Bxf5 30. gxf5 Qh4 31. Qe2 Rfa8 32. Qf3 Ra1+ 33. Kc2 R1a2+ 34. Kd3
Rb2 35. Qg4 Qxg4 36. hxg4 Ra3 37. Ke3 Raxb3+ 38. Rd3 Rxd3+ 39. Kxd3 Rxf2 40.
Rg1 Bg7 41. Ra1 Rf3+ 42. Kd2 Rf2+ 43. Ke3 Rg2 44. Ra7 Rxg4 45. Rxc7 Rg5 46.
Nxg7 Kxg7 47. Rxc5 Rg3+ 48. Kd2 Kf8 49. Rb5 Rg4 50. Ke3 b3 51. c5 Rg3+ 52. Kd2
Ke8 53. c6 Ke7 54. Rb7+ Kd6 55. Rd7+ Kc5 56. c7 Kd4 57. c8=Q Rg2+ 58. Ke1 b2
59. Rb7 1-0

[Event "Staatsliga A 1998/99"]
[Site "Gleisdorf "]
[Date "1998.11.13"]
[Round "1.6"]
[White "Fahrner, Kurt"]
[Black "Zoebisch, Herbert"]
[Result "1/2-1/2"]
[WhiteElo "2325"]
[BlackElo "2235"]
[PlyCount "39"]
[EventDate "1998.11.13"]

1. d4 d5 2. Nf3 Nf6 3. c4 dxc4 4. Qa4+ c6 5. Qxc4 Bf5 6. g3 e6 7. Bg2 Nbd7 8.
O-O Be7 9. Nc3 O-O 10. Re1 Ne4 11. Bf4 h6 12. Nh4 Nb6 13. Qb3 Nxc3 14. bxc3 Bh7
15. Nf3 Be4 16. Red1 Qd5 17. Bd2 Rfd8 18. Be1 Rab8 19. Rac1 Nc4 20. Nh4 1/2-1/2

[Event "Staatsliga A 1998/99"]
[Site "Gleisdorf "]
[Date "1998.11.13"]
[Round "1.1"]
[White "Lukacs, Peter"]
[Black "Horvath, Tamas"]
[Result "1/2-1/2"]
[WhiteElo "2475"]
[BlackElo "2430"]
[PlyCount "34"]
[EventDate "1998.11.13"]

1. d4 Nf6 2. c4 e6 3. Nc3 Bb4 4. e3 b6 5. Bd3 Bb7 6. Nf3 O-O 7. O-O c5 8. Na4
cxd4 9. exd4 Re8 10. a3 Bf8 11. Re1 Bxf3 12. Qxf3 Nc6 13. Be3 e5 14. dxe5 Nxe5
15. Qd1 d5 16. cxd5 Nxd3 17. Qxd3 Qxd5 1/2-1/2

[Event "Staatsliga A 1998/99"]
[Site "Gleisdorf "]
[Date "1998.11.13"]
[Round "1.3"]
[White "Schroll, Gerhard"]
[Black "Schwarz, Michael"]
[Result "1/2-1/2"]
[WhiteElo "2400"]
[BlackElo "2400"]
[PlyCount "37"]
[EventDate "1998.11.13"]

1. d4 Nf6 2. c4 e6 3. Nf3 b6 4. Bf4 Bb7 5. e3 Bb4+ 6. Nfd2 O-O 7. a3 Be7 8. Nc3
d5 9. cxd5 exd5 10. Be2 c5 11. O-O cxd4 12. exd4 Nc6 13. Nf3 Ne4 14. Rc1 Rc8
15. Ne5 Nxe5 16. Bxe5 Nxc3 17. Rxc3 Rxc3 18. bxc3 Qd7 19. Qb3 1/2-1/2

[Event "Staatsliga A 1998/99"]
[Site "Gleisdorf "]
[Date "1998.11.13"]
[Round "1.4"]
[White "Danner, Georg"]
[Black "Dueckstein, Andreas"]
[Result "1-0"]
[WhiteElo "2340"]
[BlackElo "2340"]
[PlyCount "46"]
[EventDate "1998.11.13"]

1. d4 e6 2. Nf3 Nf6 3. e3 c5 4. Bd3 Nc6 5. O-O d5 6. b3 Be7 7. Bb2 O-O 8. Nbd2
b6 9. Ne5 Qc7 10. a3 Bb7 11. f4 Rad8 12. Qe2 Nd7 13. Nxd7 Rxd7 14. dxc5 Bxc5
15. b4 Bd6 16. Bxh7+ Kxh7 17. Qh5+ Kg8 18. Bxg7 f6 19. Qh8+ Kf7 20. Bxf8 Bxf8
21. Nf3 Ke7 22. b5 Nd8 23. Ne5 Qc5 1-0

[Event "Staatsliga A 1998/99"]
[Site "Gleisdorf "]
[Date "1998.11.13"]
[Round "1.5"]
[White "Neulinger, Manfred"]
[Black "Frosch, Erich"]
[Result "1-0"]
[WhiteElo "2270"]
[BlackElo "2280"]
[PlyCount "121"]
[EventDate "1998.11.13"]

1. e4 e5 2. Nf3 Nc6 3. Bb5 a6 4. Bxc6 dxc6 5. d4 exd4 6. Qxd4 Qxd4 7. Nxd4 Bd7
8. Bf4 O-O-O 9. Nc3 Bb4 10. O-O-O Ne7 11. Nde2 Ng6 12. Bg3 Rhe8 13. f4 f6 14.
h3 c5 15. a3 Ba5 16. f5 Nf8 17. Bf2 c4 18. Bc5 b6 19. Bb4 Bxb4 20. axb4 Bc6 21.
Rxd8+ Kxd8 22. Rd1+ Kc8 23. Rd4 b5 24. g4 Rd8 25. Kd2 Rxd4+ 26. Nxd4 Be8 27.
Ke3 Kd7 28. Nf3 Kd6 29. Kd4 Nd7 30. e5+ fxe5+ 31. Nxe5 c5+ 32. bxc5+ Nxc5 33.
h4 h6 34. g5 hxg5 35. hxg5 a5 36. g6 a4 37. Nd5 Nd7 38. Nxd7 Bxd7 39. f6 gxf6
40. Nxf6 Be6 41. c3 Ke7 42. Ne4 Kf8 43. Kc5 Bf5 44. Nd6 Bxg6 45. Nxb5 Bd3 46.
Na3 Ke7 47. Nxc4 Kd8 48. Na3 Be2 49. Kb4 Bd1 50. c4 Kc7 51. Nb5+ Kb6 52. Nc3
Bf3 53. Nxa4+ Ka6 54. Kc5 Bd1 55. Nc3 Bb3 56. Nb5 Ka5 57. Nd4 Bd1 58. b4+ Ka6
59. Kc6 Bh5 60. b5+ Ka7 61. Kc7 1-0

[Event "Staatsliga A 1998/99"]
[Site "Gleisdorf "]
[Date "1998.11.13"]
[Round "1.6"]
[White "Kotz, Heinz Peter"]
[Black "Posch, Werner"]
[Result "1/2-1/2"]
[WhiteElo "2265"]
[BlackElo "2295"]
[PlyCount "36"]
[EventDate "1998.11.13"]

1. e4 Nf6 2. e5 Nd5 3. d4 d6 4. Nf3 dxe5 5. Nxe5 Nd7 6. Bc4 e6 7. O-O Nxe5 8.
dxe5 Be7 9. Qg4 Kf8 10. Nd2 h5 11. Qe4 h4 12. h3 Rb8 13. Nf3 b5 14. Bb3 c5 15.
c4 bxc4 16. Bxc4 Nb4 17. Be3 Bb7 18. Qg4 Qb6 1/2-1/2

[Event "Staatsliga A 1998/99"]
[Site "Gleisdorf "]
[Date "1998.11.13"]
[Round "1.1"]
[White "Vogt, Lothar"]
[Black "Almasi, Zoltan"]
[Result "1/2-1/2"]
[WhiteElo "2485"]
[BlackElo "2650"]
[PlyCount "37"]
[EventDate "1998.11.13"]

1. e4 e5 2. Nf3 Nc6 3. Bb5 Nf6 4. Qe2 Bc5 5. d3 O-O 6. O-O Re8 7. Bg5 h6 8. Bh4
a6 9. Bxc6 bxc6 10. Nfd2 d6 11. Kh1 a5 12. Nc3 a4 13. Rab1 g5 14. Bg3 Bd4 15.
Nd1 Bg4 16. f3 Be6 17. c3 Bc5 18. Nc4 Nh5 19. Bf2 1/2-1/2

[Event "Staatsliga A 1998/99"]
[Site "Gleisdorf "]
[Date "1998.11.13"]
[Round "1.2"]
[White "Baumegger, Siegfried"]
[Black "Lehner, Oliver"]
[Result "1/2-1/2"]
[WhiteElo "2360"]
[BlackElo "2415"]
[PlyCount "70"]
[EventDate "1998.11.13"]

1. c4 e6 2. Nf3 d5 3. d4 c6 4. e3 Nf6 5. Bd3 dxc4 6. Bxc4 a6 7. O-O c5 8. Qe2
b5 9. Bb3 Bb7 10. Rd1 Nbd7 11. Nc3 Qb8 12. d5 exd5 13. Nxd5 c4 14. Nxf6+ Nxf6
15. Bc2 Bc5 16. b3 c3 17. Qd3 Bxf3 18. gxf3 Qe5 19. Qf5 Qxf5 20. Bxf5 O-O 21.
Kf1 Rfd8 22. Ke2 a5 23. Rxd8+ Rxd8 24. Bd3 b4 25. a3 Nd5 26. e4 Nc7 27. axb4
Bxb4 28. Bg5 Rc8 29. Bc4 Ne6 30. Be3 h6 31. f4 Kf8 32. f5 Nc5 33. Bd5 Nd7 34.
f3 Ke7 35. Bd4 c2 1/2-1/2

[Event "Staatsliga A 1998/99"]
[Site "Gleisdorf "]
[Date "1998.11.13"]
[Round "1.3"]
[White "Videki, Sandor"]
[Black "Freitag, Manfred"]
[Result "1/2-1/2"]
[WhiteElo "2430"]
[BlackElo "2400"]
[PlyCount "33"]
[EventDate "1998.11.13"]

1. e4 c5 2. Nf3 d6 3. d4 cxd4 4. Nxd4 Nf6 5. Nc3 a6 6. Bg5 e6 7. f4 Be7 8. Qf3
Qa5 9. O-O-O Bd7 10. Bc4 h6 11. Bh4 Qh5 12. Bxf6 Qxf3 13. Nxf3 gxf6 14. f5 b5
15. Bb3 Nc6 16. Nd4 Na5 17. a3 1/2-1/2

[Event "Staatsliga A 1998/99"]
[Site "Gleisdorf "]
[Date "1998.11.13"]
[Round "1.5"]
[White "Ganaus, Hannes"]
[Black "Postl, Anton"]
[Result "1-0"]
[WhiteElo "2225"]
[BlackElo "2295"]
[PlyCount "73"]
[EventDate "1998.11.13"]

1. d4 Nf6 2. c4 g6 3. Nc3 Bg7 4. e4 d6 5. f3 O-O 6. Nge2 c5 7. d5 e6 8. Ng3
exd5 9. cxd5 Re8 10. Be2 a6 11. a4 h5 12. O-O h4 13. Nh1 Nh5 14. g4 hxg3 15.
hxg3 Nxg3 16. Nxg3 Qh4 17. Nh1 Bd4+ 18. Rf2 Bh3 19. Bf1 Kg7 20. Bxh3 Qxh3 21.
Qf1 Qxf3 22. Qg2 Bxf2+ 23. Nxf2 Qxg2+ 24. Kxg2 Nd7 25. Bf4 Ne5 26. Rh1 Rab8 27.
Bh6+ Kf6 28. Bf4 b5 29. Bxe5+ dxe5 30. axb5 axb5 31. b3 c4 32. b4 Ra8 33. Nfd1
Reb8 34. Rf1+ Ke7 35. Rf2 Ra3 36. Na2 Rb3 37. Ndc3 1-0

[Event "Staatsliga A 1998/99"]
[Site "Gleisdorf "]
[Date "1998.11.13"]
[Round "1.6"]
[White "Ivancsics, Michael"]
[Black "Raubal, Martin"]
[Result "1/2-1/2"]
[WhiteElo "2255"]
[BlackElo "2230"]
[PlyCount "36"]
[EventDate "1998.11.13"]

1. d4 g6 2. g3 Bg7 3. Bg2 d6 4. Nf3 Nf6 5. O-O O-O 6. c4 Nbd7 7. Nc3 e5 8. e4
c6 9. h3 Qb6 10. Re1 exd4 11. Nxd4 Ng4 12. Nce2 Nge5 13. b3 Nc5 14. Be3 a5 15.
Rb1 Re8 16. a3 Qc7 17. Qc2 Qe7 18. Nc3 a4 1/2-1/2

[Event "Staatsliga A 1998/99"]
[Site "Gleisdorf "]
[Date "1998.11.13"]
[Round "1.2"]
[White "Hoelzl, Franz"]
[Black "Wach, Markus"]
[Result "1-0"]
[WhiteElo "2410"]
[BlackElo "2395"]
[PlyCount "105"]
[EventDate "1998.11.13"]

1. d4 f5 2. g3 Nf6 3. Bg2 e6 4. c4 Be7 5. b3 O-O 6. Bb2 d5 7. Nf3 Ne4 8. O-O
Nd7 9. Qc2 c6 10. Ne1 Qe8 11. Nd3 g5 12. f3 Nd6 13. c5 Nf7 14. Nd2 Nh8 15. e4
Bf6 16. exf5 exf5 17. f4 g4 18. Rfe1 Qd8 19. b4 Bg7 20. b5 Nf6 21. bxc6 bxc6
22. Qa4 Bd7 23. Ne5 Ne4 24. Nxe4 fxe4 25. Rab1 Nf7 26. Bc3 Nxe5 27. dxe5 Qc7
28. Ba5 Qc8 29. Rb3 Rf7 30. Bc3 Bf5 31. Bf1 Bf8 32. Bd4 Qc7 33. Ba6 Rb8 34.
Reb1 Rxb3 35. Rxb3 Bc8 36. Be2 h5 37. Qb4 Qd7 38. Qb8 h4 39. Qa8 hxg3 40. hxg3
Qe6 41. Rb8 Bd7 42. Qxa7 Qh6 43. Bf1 Rh7 44. Bg2 Qh2+ 45. Kf2 e3+ 46. Bxe3 Bf5
47. Qa8 Rf7 48. e6 Bxe6 49. Qxc6 Re7 50. Qa8 Rf7 51. Re8 Bd7 52. Re5 d4 53.
Rg5+ 1-0

[Event "Staatsliga A 1998/99"]
[Site "Gleisdorf "]
[Date "1998.11.13"]
[Round "1.3"]
[White "Martinovic, Slobodan"]
[Black "Steflitsch, Erich"]
[Result "1/2-1/2"]
[WhiteElo "2445"]
[BlackElo "2325"]
[PlyCount "53"]
[EventDate "1998.11.13"]

1. Nf3 Nf6 2. d4 d5 3. c4 dxc4 4. e3 e6 5. Bxc4 c5 6. O-O a6 7. Bb3 Nc6 8. Qe2
cxd4 9. Rd1 Be7 10. exd4 O-O 11. Nc3 Na5 12. Bc2 b5 13. Bg5 Bb7 14. Bxf6 Bxf6
15. Be4 Qb6 16. Bxb7 Qxb7 17. Ne4 Be7 18. Ne5 Rfc8 19. Rd3 Nc4 20. Qf3 Nxe5 21.
dxe5 Rab8 22. Rad1 Rc4 23. Re3 Qc6 24. h3 Rd8 25. Rxd8+ Bxd8 26. b3 Rc1+ 27.
Kh2 1/2-1/2

[Event "Staatsliga A 1998/99"]
[Site "Gleisdorf "]
[Date "1998.11.13"]
[Round "1.4"]
[White "Titz, Heimo"]
[Black "Moser, Guenter"]
[Result "1/2-1/2"]
[WhiteElo "2305"]
[BlackElo "2355"]
[PlyCount "82"]
[EventDate "1998.11.13"]

1. c4 f5 2. Nf3 Nf6 3. g3 g6 4. Bg2 Bg7 5. d4 O-O 6. O-O d6 7. d5 e5 8. dxe6
Qe7 9. Nd4 Na6 10. Nc3 c6 11. b3 Bxe6 12. Bb2 Bf7 13. Qd2 Rad8 14. Rad1 d5 15.
cxd5 Nxd5 16. Qc1 Nxc3 17. Bxc3 Bd5 18. Bxd5+ Rxd5 19. e3 Rfd8 20. Qa1 Nc5 21.
Ne2 Ne4 22. Bxg7 Qxg7 23. Rxd5 Rxd5 24. Qc1 Qd7 25. Nc3 Rd3 26. Nxe4 fxe4 27.
Qc4+ Qd5 28. Rc1 Kf7 29. Qxd5+ Rxd5 30. Rc4 Re5 31. Kg2 Ke7 32. f3 exf3+ 33.
Kxf3 c5 34. e4 Kd6 35. Rc2 g5 36. Rd2+ Ke7 37. h4 gxh4 38. gxh4 b5 39. Kf4 Rh5
40. Kg4 Re5 41. Kf4 Rh5 1/2-1/2

[Event "Staatsliga A 1998/99"]
[Site "Gleisdorf "]
[Date "1998.11.13"]
[Round "1.5"]
[White "Grundherr, Martin"]
[Black "Schumi, Manfred"]
[Result "1/2-1/2"]
[WhiteElo "2335"]
[BlackElo "2260"]
[PlyCount "49"]
[EventDate "1998.11.13"]

1. e4 c5 2. Nf3 d6 3. Bb5+ Nd7 4. O-O Ngf6 5. Re1 a6 6. Bf1 b6 7. c4 Bb7 8. Nc3
Ne5 9. d4 Nxf3+ 10. gxf3 cxd4 11. Qxd4 e5 12. Qd1 Be7 13. f4 O-O 14. f5 Rc8 15.
a4 Kh8 16. Re3 Rc7 17. b3 g6 18. fxg6 fxg6 19. Be2 Nd7 20. Rg3 Bh4 21. Rf3 Nc5
22. Rxf8+ Qxf8 23. f3 Rf7 24. Be3 Qe7 25. Nd5 1/2-1/2

[Event "Staatsliga A 1998/99"]
[Site "Gleisdorf "]
[Date "1998.11.13"]
[Round "1.6"]
[White "Genser, Harald"]
[Black "Kranewitter, Norbert"]
[Result "1-0"]
[WhiteElo "2155"]
[BlackElo "2180"]
[PlyCount "63"]
[EventDate "1998.11.13"]

1. e4 c6 2. d4 d5 3. Nd2 dxe4 4. Nxe4 Bf5 5. Ng3 Bg6 6. h4 h6 7. Nf3 Nf6 8. Ne5
Bh7 9. Bc4 e6 10. Qe2 Nd5 11. Qf3 Qc7 12. Nh5 Nb4 13. Bb3 Nxc2+ 14. Bxc2 Bxc2
15. O-O f6 16. Nxf6+ gxf6 17. Qh5+ Kd8 18. Nf7+ Kc8 19. Nxh8 Qg7 20. Qe8+ Kc7
21. Nf7 Nd7 22. Qxa8 Qxf7 23. Qxa7 Qh5 24. Bf4+ e5 25. dxe5 fxe5 26. Qa5+ Kc8
27. Bg3 Bc5 28. Rac1 Bd3 29. Rfd1 Qe2 30. Re1 Qxb2 31. Qa8+ Kc7 32. Rxc5 1-0

[Event "Staatsliga A 1998/99"]
[Site "Gleisdorf "]
[Date "1998.11.13"]
[Round "1.1"]
[White "Atlas, Valery"]
[Black "Chernin, Alexander"]
[Result "0-1"]
[WhiteElo "2470"]
[BlackElo "2610"]
[PlyCount "43"]
[EventDate "1998.11.13"]

1. e4 g6 2. d4 Bg7 3. Be3 d6 4. Nc3 a6 5. f3 Nd7 6. Nge2 Ngf6 7. g4 h6 8. Ng3
b5 9. h4 Nb6 10. Qd2 h5 11. gxh5 Nxh5 12. Nxh5 Rxh5 13. O-O-O b4 14. Nb1 a5 15.
Be2 d5 16. Rdg1 Ba6 17. e5 Nc4 18. Bxc4 dxc4 19. a3 Rb8 20. c3 Bc8 21. axb4
axb4 22. cxb4 {... 42} 0-1

[Event "Staatsliga A 1998/99"]
[Site "Gleisdorf "]
[Date "1998.11.13"]
[Round "1.2"]
[White "Teske, Henrik"]
[Black "Topakian, Raffi"]
[Result "1/2-1/2"]
[WhiteElo "2510"]
[BlackElo "2335"]
[PlyCount "133"]
[EventDate "1998.11.13"]

1. d4 Nf6 2. c4 g6 3. g3 Bg7 4. Bg2 d5 5. cxd5 Nxd5 6. e4 Nb6 7. Ne2 e5 8. d5
O-O 9. Nbc3 c6 10. Be3 Nc4 11. Bc5 Re8 12. b3 Qa5 13. b4 Qa6 14. O-O b6 15. Be3
Nxe3 16. fxe3 Bg4 17. Bf3 Bd7 18. a4 Qc4 19. dxc6 Bxc6 20. b5 Bb7 21. Nd5 Bxd5
22. exd5 Qc5 23. Qd2 Bh6 24. Kf2 e4 25. Bg2 Nd7 26. Rac1 Qa3 27. Ra1 Qd6 28.
Nf4 Bxf4 29. gxf4 Nc5 30. Ra3 Rad8 31. Rd1 f5 32. Rc3 Re7 33. Bf1 g5 34. Kg1
Rg7 35. fxg5 Rxg5+ 36. Kh1 Kf7 37. Qf2 Rdg8 38. Bh3 R8g6 39. Bxf5 Rf6 40. Be6+
Kg6 41. Qe2 Qe5 42. Rc2 Nd3 43. Rf1 Rxf1+ 44. Qxf1 Qf6 45. Qxf6+ Kxf6 46. h4
Rg3 47. Rc7 Ne5 48. Kh2 Rg6 49. Kh3 h5 50. Rc6 Rg7 51. Rc1 Nf3 52. Rd1 Ke5 53.
Bc8 Ng1+ 54. Kh2 Nf3+ 55. Kh1 Rg6 56. Be6 Rg7 57. Bc8 Rg6 58. Be6 Rg7 59. Bh3
Rg6 60. Bg2 Nxh4 61. Bxe4 Kxe4 62. d6 Rg8 63. Rd4+ Kxe3 64. Rxh4 Rg5 65. Rc4
Rd5 66. Rc7 Rxd6 67. Rxa7 1/2-1/2

[Event "Staatsliga A 1998/99"]
[Site "Gleisdorf "]
[Date "1998.11.13"]
[Round "1.3"]
[White "Grabher, Heinz"]
[Black "Stanec, Nikolaus"]
[Result "0-1"]
[WhiteElo "2285"]
[BlackElo "2495"]
[PlyCount "56"]
[EventDate "1998.11.13"]

1. e4 c5 2. Nf3 e6 3. d4 cxd4 4. Nxd4 a6 5. Nc3 Qc7 6. g3 Bb4 7. Bd2 Nf6 8. Bg2
Be7 9. O-O d6 10. Re1 O-O 11. f4 Rd8 12. Be3 Nc6 13. Nxc6 bxc6 14. Na4 Rb8 15.
c4 e5 16. f5 d5 17. cxd5 cxd5 18. exd5 Bxf5 19. Rc1 Qa5 20. Bc5 Bxc5+ 21. Rxc5
Rb5 22. Rc4 Nxd5 23. Qc1 Nb6 24. Nxb6 Qxb6+ 25. Kh1 Rxb2 26. Rc6 Qf2 27. Rg1
Be4 28. Qxb2 Bxg2+ 0-1

[Event "Staatsliga A 1998/99"]
[Site "Gleisdorf "]
[Date "1998.11.13"]
[Round "1.4"]
[White "Felsberger, Alfred"]
[Black "Feistenauer, Fred"]
[Result "1-0"]
[WhiteElo "2395"]
[BlackElo "2300"]
[PlyCount "83"]
[EventDate "1998.11.13"]

1. e4 d5 2. exd5 Nf6 3. d4 Bg4 4. Be2 Bxe2 5. Qxe2 Qxd5 6. Nf3 e6 7. O-O Bd6 8.
Re1 Nc6 9. Nc3 Qh5 10. Nb5 O-O 11. c4 a6 12. Nxd6 cxd6 13. Bf4 Rfd8 14. Rad1
Qf5 15. Bg3 d5 16. c5 Ne4 17. a3 Re8 18. Qe3 Rad8 19. b4 f6 20. Qb3 Qg6 21. a4
Qf7 22. Qb2 g5 23. Nd2 Nxg3 24. hxg3 Ne7 25. Rc1 Nf5 26. c6 b5 27. axb5 axb5
28. Qc3 Rc8 29. Qc5 Qe7 30. Qxb5 Nxd4 31. Qb6 e5 32. Qxd4 exd4 33. Rxe7 Rxe7
34. b5 Rec7 35. Nf3 d3 36. Rc5 Rb8 37. Kf1 Kf7 38. Rxd5 g4 39. Nd4 Re7 40. Nb3
Re5 41. Rxe5 fxe5 42. c7 1-0

[Event "Staatsliga A 1998/99"]
[Site "Gleisdorf "]
[Date "1998.11.13"]
[Round "1.5"]
[White "Thoma, Robert"]
[Black "Watzka, Horst"]
[Result "1/2-1/2"]
[WhiteElo "2285"]
[BlackElo "2365"]
[PlyCount "38"]
[EventDate "1998.11.13"]

1. Nf3 Nf6 2. c4 g6 3. b3 Bg7 4. Bb2 c5 5. e3 Nc6 6. Be2 O-O 7. O-O d5 8. cxd5
Qxd5 9. d3 b6 10. a3 Bb7 11. Nbd2 Rac8 12. Qb1 Rfd8 13. Re1 e5 14. b4 cxb4 15.
axb4 Nd7 16. Bc3 a6 17. e4 Qe6 18. b5 Ncb8 19. bxa6 Bxa6 1/2-1/2

[Event "Staatsliga A 1998/99"]
[Site "Gleisdorf "]
[Date "1998.11.13"]
[Round "1.6"]
[White "Detter, Peter"]
[Black "Gaertner, Guntram"]
[Result "0-1"]
[WhiteElo "2170"]
[BlackElo "2340"]
[PlyCount "82"]
[EventDate "1998.11.13"]

1. Nf3 Nf6 2. c4 e6 3. g3 b6 4. Bg2 Bb7 5. O-O Be7 6. b3 O-O 7. Bb2 c5 8. e3
Nc6 9. Qe2 d5 10. Rd1 Qc8 11. d4 cxd4 12. Nxd4 dxc4 13. bxc4 Na5 14. Nd2 Bxg2
15. Kxg2 Rd8 16. Rac1 Qb7+ 17. Qf3 Qxf3+ 18. Kxf3 Rac8 19. Nb5 a6 20. Ba3 Kf8
21. Bxe7+ Kxe7 22. Nd4 Nd7 23. Ke2 Ne5 24. Rb1 Nexc4 25. Nxc4 Nxc4 26. Rb4 b5
27. a4 e5 28. Nf5+ Kf6 29. Rxd8 Rxd8 30. axb5 axb5 31. g4 g6 32. Ng3 Nd6 33. h4
Ra8 34. Kf3 Ra4 35. Rb2 h6 36. Ne2 Rc4 37. Rb1 Ke6 38. Nc1 h5 39. gxh5 gxh5 40.
Nb3 Rxh4 41. Rd1 Rc4 0-1